Body Parts - Sudden Death #1 - Statistics

General Stats
  • This quiz has been taken 67,095 times
  • The average score is 15 of 20
Answers on the Grid
Answers color-coded by a green-red scale on the quiz's grid according to % correct below.
Acropolis
Adam’s apple
Aorta
Bronchiole
Canine
Capillary
Cornea
Cranium
Duodenum
Durian
Epidermis
Esophagus
Gallbladder
Gluteus maximus
Haumea
Hippocampus
Isosceles
Marcus aurelius
Neuron
Pancreas
Pelvis
Philtrum
Plectrum
Rhinosite
Sepsis
Shatner’s bassoon
Thyroid
Triceps
Ursine
Vertebrae
 
Answer Stats
Answer % Correct
Pancreas
88%
Pelvis
88%
Triceps
88%
Adam’s apple
87%
Aorta
84%
Cornea
82%
Cranium
82%
Esophagus
82%
Gallbladder
82%
Thyroid
82%
Vertebrae
81%
Epidermis
78%
Gluteus maximus
78%
Capillary
77%
Hippocampus
71%
Neuron
69%
Bronchiole
68%
Canine
59%
Duodenum
51%
Philtrum
34%
No matching quizzes found
Score Distribution
Percent of People with Each Score
Percentile by Number Answered
Your Score History
You have not taken this quiz